00878nam a2200265 i 4500001000300000100002000003245011500023250001200138260006000150300002700210650003300237650003300270655002600303655001800329700001900347700002100366020001500387020001800402040000800420041000800428044000800436080002900444008004100473856009800514bg1 aBiber, Douglas. 0aLongman student grammar of spoken and written English workbook /cDouglas Biber, Susan Conrad, Geoffrey Leech. a6 impr. aHarlow, England :bPearson Education :bLongman,c2006. a140 s. :bwykr.c24 cm 9aJęzyk angielskixgramatyka 9aJęzyk angielskixgramatyka aĆwiczenia i zadania aPodręczniki1 aConrad, Susan.1 aLeech, Geoffrey. a0582539420 a9780582539426 cBPK0 aeng aGBR a811.111:811.111(73)(076) s pl f |000 0 pol  uhttp://koha.tu.koszalin.pl/cgi-bin/koha/opac-detail.pl?biblionumber=54447yKatalog online BPK